التجسيم عند المسلمين : (Record no. 7257)
[ view plain ]
| 000 -الفاتح | |
|---|---|
| حقل البيانات ثابتة الطول | 00569nac a22001451u 4500 |
| 008 - عناصر البيانات ثابتة الطول - معلومات عامة | |
| حقل البيانات ثابتة الطول | 080820s 197 Ua|||||r|||| 000 0dara d |
| 082 ## - رقم تصنيف ديوى العشرى | |
| رقم التصنيف | 245 |
| رقم المادة | م خ ت |
| 245 ## - بيان العنوان | |
| العنوان | التجسيم عند المسلمين : |
| بقية العنوان | مذهب الكرامية / |
| بيان المسئوليه,etc | سهير محمد مختار |
| 260 ## - PUBLICATION, DISTRIBUTION, ETC. (IMPRINT) | |
| مكان الناشر او الموزع | [الأسكنرية]: |
| اسم الناشر او الموزع | المؤلف،1971 |
| تاريخ النشر أو التوزيع | 1971. |
| 300 ## - الوصف المادى | |
| التعداد | 397ص ؛ |
| أبعاد الوعاء | 24 سم. |
| 504 ## - تبصرة ببليوجرافية | |
| الرابط | يشتمل على إرجاعات ببليوجرافية ص 383-387 |
| 541 ## - تبصرة المصدر المباشر للتزويد | |
| مصدر التزويد | الف باء |
| طريقة التزويد | شراء |
| 650 ## - المدخل الاضافى بالموضوع-مصطلح موضوعى | |
| مصطلح موضوعي أو اسم جغرافي كعنصر مدخل | الفرق الإسلامية |
| 9 (RLIN) | 13294 |
| 942 ## - عناصر المدخل الإضافي( كوها) | |
| Koha [default] item type | Book - Borrowing |
| سابقة رقم الطلب | 245 م خ ت |
| مصدر التصنيف او مخطط الترفيف | Dewey Decimal Classification |
| حالة التراجع | حالة الفقد | مصدر التصنيف او خطة الترفيف | حالة تلف | ليس للاعارة | مجموعات كوها | المكان الدائم | المكان الحالي | موقع الترفيف | تاريخ الاكتساب | Source of acquisition | رقم الاستدعاء | الباركود | Date last seen | نوع الوعاء |
|---|---|---|---|---|---|---|---|---|---|---|---|---|---|---|
| Dewey Decimal Classification | Alef-Baa | Central Library | Central Library | Lower Floor | 08/08/2010 | 245 م خ ت | 000008840 | 15/07/2025 | Book - Borrowing |